Statistics for U.S. Cities in Alphabetical Order on a Map

Click here to take the quiz!

General Stats

  • This quiz has been taken 731 times
    (730 since last reset)
  • The average score is 49 of 62

Answers on the Map

Answers color-coded by a green-red scale on the quiz's map according to % correct below.
 

Answer Stats

PopulationCity% Correct
A545,852Albuquerque
94%
A420,003Atlanta
89%
A790,390Austin
89%
B617,660Boston
87%
C2,695,598Chicago
87%
D1,197,816Dallas
86%
D713,777Detroit
86%
H2,099,450Houston
86%
I820,445Indianapolis
86%
D600,158Denver
85%
H337,256Honolulu
85%
J903,889Jacksonville
85%
L583,756Las Vegas
85%
L3,792,621Los Angeles
85%
M470,914Miami
85%
N8,175,133New York City
85%
B620,961Baltimore
84%
K459,787Kansas City
84%
P1,584,981Philadelphia
84%
C383,793Cleveland
83%
C892,672Columbus
83%
E649,121El Paso
83%
N626,681Nashville
83%
N343,829New Orleans
83%
O579,999Oklahoma City
83%
P1,445,632Phoenix
83%
C302,605Cincinnati
82%
M382,578Minneapolis
82%
P583,776Portland
82%
S1,301,617San Diego
82%
S805,235San Francisco
82%
M646,889Memphis
81%
P302,407Pittsburgh
81%
L597,337Louisville
80%
M594,833Milwaukee
80%
R403,892Raleigh
80%
S608,660Seattle
80%
A336,265Anaheim
79%
C731,424Charlotte
79%
S466,488Sacramento
79%
S1,327,407San Antonio
79%
W705,749Washington, D.C.
79%
F741,206Fort Worth
78%
O408,958Omaha
78%
T392,890Tampa
78%
C416,427Colorado Springs
76%
F494,665Fresno
76%
V447,021Virginia Beach
75%
S945,942San Jose
74%
S319,294St. Louis
74%
T520,116Tucson
74%
T391,906Tulsa
74%
C305,215Corpus Christi
73%
O390,724Oakland
73%
W382,368Wichita
72%
B347,483Bakersfield
68%
M439,041Mesa
68%
A325,078Aurora
66%
R303,871Riverside
64%
A365,438Arlington
63%
L462,257Long Beach
63%
S324,528Santa Ana
51%

Score Distribution

Percentile by Number Answered

Percent of People with Each Score

Your Score History

You have not taken this quiz since the last reset